000 00342pab a2200145 454500
008 180718b1988 xxu||||| |||| 00| 0 eng d
100 _aGhosh, Alak
245 _aIndia 2001
_bThe lot of the people
260 _c1988
300 _a189-93
362 _aJul.
650 _aFuturology
773 _aManagement and Labour Studies
909 _a8933
999 _c8933
_d8933